Health and healing (Record no. 7462)

MARC details
000 -LEADER
fixed length control field 00652nam a22002177a 4500
003 - CONTROL NUMBER IDENTIFIER
control field OSt
005 - DATE AND TIME OF LATEST TRANSACTION
control field 20260116012801.0
008 - FIXED-LENGTH DATA ELEMENTS--GENERAL INFORMATION
fixed length control field 260116b |||||||| |||| 00| 0 eng d
020 ## - INTERNATIONAL STANDARD BOOK NUMBER
International Standard Book Number 0-395-91153-2
040 ## - CATALOGING SOURCE
Original cataloging agency DWC-Main lib
Transcribing agency OC
082 ## - DEWEY DECIMAL CLASSIFICATION NUMBER
Classification number Circ. 615.5'3 W422h 1998
100 ## - MAIN ENTRY--PERSONAL NAME
Personal name Weil, A.
245 ## - TITLE STATEMENT
Title Health and healing
Statement of responsibility, etc. Weil, Andrew
260 ## - PUBLICATION, DISTRIBUTION, ETC.
Place of publication, distribution, etc. Boston :
Name of publisher, distributor, etc. Houghton Mifflin Company,
Date of publication, distribution, etc. c1995
300 ## - PHYSICAL DESCRIPTION
Extent vi, 296 pages ;
Dimensions 20 cm
504 ## - BIBLIOGRAPHY, ETC. NOTE
Bibliography, etc. note Includes index
650 ## - SUBJECT ADDED ENTRY--TOPICAL TERM
Source of heading or term Health
650 ## - SUBJECT ADDED ENTRY--TOPICAL TERM
Source of heading or term Medicine
650 ## - SUBJECT ADDED ENTRY--TOPICAL TERM
Source of heading or term Therapeutic systems
942 ## - ADDED ENTRY ELEMENTS (KOHA)
Source of classification or shelving scheme Dewey Decimal Classification
Koha item type Book Circulation
Classification part Circ. 615.5'3 W422h 1998
Call number prefix Circ.
Suppress in OPAC No
952 ## - LOCATION AND ITEM INFORMATION (KOHA)
--
Holdings
Withdrawn status Lost status Source of classification or shelving scheme Damaged status Not for loan Home library Current library Shelving location Date acquired Source of acquisition Total Checkouts Full call number Barcode Date last seen Copy number Price effective from Koha item type Uniform Resource Identifier
    Dewey Decimal Classification     College Library College Library Circulation 08/01/2005 Donation   Circ. 615.5'3 W422h 1998 CL42154 01/16/2026 c1 01/16/2026 BK-CIRC